Oliver twist : (Record no. 136096)

MARC details
000 -LEADER
fixed length control field 00821nam a22002657a 4500
003 - CONTROL NUMBER IDENTIFIER
control field dpl
005 - DATE AND TIME OF LATEST TRANSACTION
control field 20180803170437.0
008 - FIXED-LENGTH DATA ELEMENTS--GENERAL INFORMATION
fixed length control field 180803b xxu||||| |||| 00| 0 eng d
010 ## - LIBRARY OF CONGRESS CONTROL NUMBER
LC control number B-129326
020 ## - INTERNATIONAL STANDARD BOOK NUMBER
International Standard Book Number 039396292
Terms of availability 225.00
035 ## - SYSTEM CONTROL NUMBER
System control number B-129326, B-129333
037 ## - SOURCE OF ACQUISITION
Source of stock number/acquisition Cen Lib/Ret
040 ## - CATALOGING SOURCE
Original cataloging agency DPL
Language of cataloging EN
Transcribing agency 0
082 ## - DEWEY DECIMAL CLASSIFICATION NUMBER
Classification number S
Item number DIC
100 ## - MAIN ENTRY--PERSONAL NAME
Personal name Dickens, Charles
9 (RLIN) 23040
245 ## - TITLE STATEMENT
Title Oliver twist :
Statement of responsibility, etc by Charles Dickens; edited by Fred Kaplan
Remainder of title authoritive text background and sources early reviews criticism /
260 ## - PUBLICATION, DISTRIBUTION, ETC. (IMPRINT)
Place of publication, distribution, etc New York
Name of publisher, distributor, etc W. W. Norton & Company
Date of publication, distribution, etc 2004
270 ## - ADDRESS
City New York
300 ## - PHYSICAL DESCRIPTION
Extent xii, 611p.
Dimensions 19cm(pbk)
500 ## - GENERAL NOTE
General note Includes bibliographical references
650 ## - SUBJECT ADDED ENTRY--TOPICAL TERM
Topical term or geographic name as entry element Literature
9 (RLIN) 6262
650 ## - SUBJECT ADDED ENTRY--TOPICAL TERM
Topical term or geographic name as entry element Stories
9 (RLIN) 7500
700 ## - ADDED ENTRY--PERSONAL NAME
Personal name Kaplan, Fred
9 (RLIN) 31728
942 ## - ADDED ENTRY ELEMENTS (KOHA)
Source of classification or shelving scheme Dewey Decimal Classification
Koha item type English Books
Classification part S
Call number suffix DIC
Holdings
Withdrawn status Lost status Source of classification or shelving scheme Damaged status Not for loan Collection code Home library Current library Date acquired Source of acquisition Cost, normal purchase price Total Checkouts Full call number Barcode Date last seen Copy number Price effective from Koha item type Total Renewals Date checked out Cost, replacement price
    Dewey Decimal Classification   Not For Loan Reference Central Library Central Library 17/11/2015 Cen Lib/Ret 225.00   S DIC B-129326 17/11/2015 1 17/11/2015 English Books      
    Dewey Decimal Classification     Non-fiction Shahdara Branch Shahdara Branch 03/08/2018 BPPD/PUB 0.00 2 S DIC B-129333 12/04/2023   03/08/2018 English Books 2 23/03/2023 0.00

© Delhi Public Library
Hit Counter
free hit counter